00565nam a22001697a 450000500170000001000150001702000300003203500140006203700130007608200080008910000190009724500460011626000610016227000770022330000700030050000250037020210225130635.0 aENG-129060 c699.00a978-1-7812-5919-1 aEN-112592 bDBAD/PUB a158 aGreene, Robert aThe Laws of Human Nature/cRobert Greene  aGurugrambHachette Book Publishing India Pvt. Ltd.c2018 bGurugrama4th/5th Floors, Corporate Centre, Plot No- 94, Sec- 44e122003 a609p.c23cm(pbk)bIncluding bibliographical references and index. aThe 48 Laws of Power